| 000 | 00627nam a2200193 a 4500 | ||
|---|---|---|---|
| 001 | 000040838 | ||
| 005 | 20201002034422.0 | ||
| 008 | 130909s1997 sp 000 0 spa d | ||
| 020 | _a9788420608334 | ||
| 040 |
_aDO-SdBNP _bspa _cBNPHU |
||
| 082 |
_axxxx _bxxxx |
||
| 100 | 1 |
_aGracián, Baltasar, _d1601-1658 _926972 |
|
| 245 | 1 | 3 |
_aEl Discreto / _cBaltasar Gracián ; edición Aurora Egido. |
| 260 |
_aMadrid, : _bAlianza, _c1997. |
||
| 300 |
_a369 p. ; _c18 cm. |
||
| 504 | _aIncluye referencias bibliográficas y notas al pie de las páginas | ||
| 504 | _aBibliografías : p. 129-134 | ||
| 700 | 1 |
_aEgido, Aurora, _eed. _910573 |
|
| 999 |
_c40328 _d40328 |
||